| 000 | 00567nam a22001817a 4500 | ||
|---|---|---|---|
| 999 |
_c524620 _d524620 |
||
| 003 | NUST | ||
| 020 | _a- | ||
| 038 | _aZafar Malik | ||
| 082 |
_a891.421 _bNAS |
||
| 100 |
_aNasir, Nasar Ullah Dr. _915423 |
||
| 245 |
_aNavin Sobh (Tehqiqi Tay Tanqeedi Mazameen) / _cDr. Nasar Ullah Nasir |
||
| 260 |
_aMultan : _bZoraiz Publications ; _c2009. |
||
| 300 | _a144 p. ; | ||
| 500 | _aHardcover | ||
| 880 |
_6100-02\r _aڈاکٹر نصراللہ خان ناصر |
||
| 880 |
_6245-02\r _a(نویں سوبھ (تحقیقی تے تنقیدی مضامین |
||
| 942 |
_2ddc _cBK |
||